Concept of nationalism in the ramayana and mahabharata / (Record no. 139471)
[ view plain ]
| 000 -LEADER | |
|---|---|
| fixed length control field | 00530nam a22001817a 4500 |
| 005 - DATE AND TIME OF LATEST TRANSACTION | |
| control field | 20170503153311.0 |
| 010 ## - LCCN (DPL NO) | |
| LC control number | ENG-118032 |
| 020 ## - INTERNATIONAL STANDARD BOOK NUMBER | |
| International Standard Book Number | 9788180642333 |
| Terms of availability | 250.00 |
| 035 ## - SYSTEM CONTROL NUMBER | |
| System control number | EN-101564 |
| 037 ## - SOURCE OF ACQUISITION | |
| Source of stock number/acquisition | DBAD/PUC |
| 082 ## - DEWEY DECIMAL CLASSIFICATION NUMBER | |
| Classification number | 230.61 |
| 100 ## - MAIN ENTRY--PERSONAL NAME | |
| Personal name | Saha,Tripti |
| 245 ## - TITLE STATEMENT | |
| Title | Concept of nationalism in the ramayana and mahabharata / |
| Statement of responsibility, etc | by Saha Tripti |
| 260 ## - PUBLICATION, DISTRIBUTION, ETC. (IMPRINT) | |
| Place of publication, distribution, etc | Kolkata |
| Name of publisher, distributor, etc | Sri Kamal Mitra |
| Date of publication, distribution, etc | 2016 |
| 270 ## - ADDRESS | |
| Address | 37A, Collage Street,Kolkata-700073 |
| 300 ## - PHYSICAL DESCRIPTION | |
| Extent | 239p |
| Dimensions | 22cm.[Hb] |
| 942 ## - ADDED ENTRY ELEMENTS (KOHA) | |
| Source of classification or shelving scheme | Dewey Decimal Classification |
| Item type | English Books |
| Classification part | 230.61 |
| Call number suffix | SAH |
| Withdrawn status | Lost status | Not for loan | Collection code | Home library | Current library | Date acquired | Source of acquisition | Cost, normal purchase price | Full call number | Barcode | Copy number | Cost, replacement price | Koha item type |
|---|---|---|---|---|---|---|---|---|---|---|---|---|---|
| Not For Loan | Non-fiction | D.B.Act.Division | Bawana | 03/05/2017 | DBAD/PUC | 250.00 | 230.61 SAH | EN-101564 | 1 | 250.00 | English Books |
